000 01310cam a22003617a 4500
003 CHAP
005 20220329142731.0
008 030325d2003 mx bd r 00110 spa d
010 _a87024
011 _a87996
035 _a98541
040 _cCHAP
090 _aTesis
100 0 0 _aHernández Martínez, Joel.
_954295
245 1 0 _aZonas semilleras de Pinus greggii Engelm. en el estado de Hidalgo
_c/por Joel Hernández Martínez
260 _aChapingo, Méx. :
_bEl autor,
_c2003
300 _a89 h. :
_bgráfs. ; mapas ; cuadros
502 _aTesis (Ing. en Restauración Forestal) -- UACH. División de Ciencias Forestales
590 _aALEPH
_b10
_c20130110
_lUCH01
_h1452
590 _aBATCH-UPD
_b10
_c20130110
_lUCH01
_h0546
590 _aBATCH-UPD
_b10
_c20130410
_lUCH01
_h0227
590 _aBATCH-UPD
_b10
_c20130914
_lUCH01
_h1610
590 _aCONVERSION
_b10
_c20130109
_lUCH01
_h1348
650 1 4 _aPinus greggii.
_988338
650 1 4 _aSemillas forestales.
_9103935
650 1 4 _aSemillas forestales
_xAnálisis.
_9103936
650 1 4 _aSemillas
_xDistribución.
_9103893
901 _aBK
905 _aMarco A. Mendoza T.
942 _cFOLL
949 _aTesis
_bBC
_cTES
_d33724000888285
_eTS2
_fc.2
_gDonaciØn
_h40897
_i98541
_si
949 _aTesis
_bBC
_cTES
_d985411
_eTS1
_gDonaciØn
_h40896
_i98541
_sb
999 _c87024
_d87024